Champions de France de rugby depuis 1990 - Top 14 - Statistiques

Statistiques générales
  • Ce quiz a été pris 437 fois
  • Le résultat moyen est 31 sur 33
Statistiques - réponses
Année Vainqueurs % Correct
2023 Toulouse
100%
2021 Toulouse
100%
2019 Toulouse
100%
2012 Toulouse
100%
2011 Toulouse
100%
2008 Toulouse
100%
2001 Toulouse
100%
1999 Toulouse
100%
1997 Toulouse
100%
1996 Toulouse
100%
1995 Toulouse
100%
1994 Toulouse
100%
2022 Montpellier
96%
2014 Toulon
96%
1992 Toulon
96%
2017 Clermont
95%
2010 Clermont
95%
2016 Racing 92
95%
1990 Racing 92
95%
2015 Stade Français
94%
2007 Stade Français
94%
2004 Stade Français
94%
2003 Stade Français
94%
2000 Stade Français
94%
1998 Stade Français
94%
2018 Castres
92%
2013 Castres
92%
1993 Castres
92%
2009 Perpignan
90%
2006 Biarritz
85%
2005 Biarritz
85%
2002 Biarritz
85%
1991 Bègles-Bordeaux
72%
Aucun quiz correspondant
Distribution des résultats
% des personnes avec chaque résultat
Percentile par nombre de réponses
Votre historique - résultats
Vous n’avez pas pris ce quiz